Koža a kožušina od úžitku k luxusu : katalóg k výstave

Podrobná bibliografia
Hlavný autor: Šumská, Barbora (Autor)
Ďalší autori: Koska, Lukáš (Fotograf), Pitoňák, Martin (Fotograf)
Médium: Kniha
Jazyk:slovenčina
Fyzický popis:39 strán faksimile, fotografie (prevažne farebné) 21 cm
Vydavateľské údaje: Rožňava Banícke múzeum v Rožňave 2023
ISBN:9788097313357
Predmet:

MARC

LEADER 00000cam a2200000 4500
001 vtls012253861
003 SK-MaSNL
005 20260425232656.0
008 240402s2023 xo ho g c 000 0 slo
015 |a SNBE2024 
020 |a 9788097313357  |q (brožované) 
040 |a SNK  |b slo  |c SNK  |e rda 
041 0 |a slo 
043 |a e-xo--- 
044 |a xo  |c SK 
072 7 |a 675  |x Kožiarsky priemysel  |2 konspekt 
080 |a 675.023/.024  |2 2011 
080 |a 637.61  |2 2011 
080 |a 334.712  |2 2011 
080 |a 391  |2 2011 
080 |a (437.6)  |2 2011 
080 |a (083.824)  |2 2011 
080 |a 675.6  |2 2011 
100 1 |a Šumská, Barbora  |4 aut  |9 409973 
245 1 0 |a Koža a kožušina  |b od úžitku k luxusu : katalóg k výstave  |c autor Barbora Šumská ; fotografie Lukáš Koska, Martin Pitoňák, archív BM 
246 3 0 |a Od úžitku k luxusu 
264 1 |a Rožňava  |b Banícke múzeum v Rožňave  |c 2023 
300 |a 39 strán  |b faksimile, fotografie (prevažne farebné)  |c 21 cm 
336 |a text  |b txt  |2 rdacontent 
336 |a statický obraz  |b sti  |2 rdacontent 
337 |a bez média  |b n  |2 rdamedia 
338 |a zväzok  |b nc  |2 rdacarrier 
504 |a Bibliografia na strane 39 
650 0 7 |a garbiarstvo  |2 SNKPH  |9 58395 
650 0 7 |a koža (materiál)  |2 SNKPH  |9 87244 
650 0 7 |a kožušiny  |2 SNKPH  |9 131983 
650 0 7 |a remeselná výroba  |2 SNKPH  |9 2354 
650 0 7 |a ľudové odevy  |2 SNKPH  |9 85297 
650 0 7 |a Tannery  |2 SNKPHeng  |9 409974 
650 0 7 |a Leather  |2 SNKPHeng  |9 409975 
650 0 7 |a Furs  |2 SNKPHeng  |9 409976 
650 0 7 |a Handicraft production  |2 SNKPHeng  |9 333163 
650 0 7 |a Ethnic costume  |2 SNKPHeng  |9 266856 
650 0 7 |a kožušníctvo  |2 SNKPH  |9 51390 
650 0 7 |a furriery  |2 SNKPHeng  |9 409977 
651 7 |a Slovensko  |2 SNKPH  |9 14231 
651 7 |a Slovakia  |2 SNKPHeng  |9 92630 
655 7 |a katalógy výstav  |2 SNKPH  |9 70445 
655 7 |a Exhibition catalogs  |2 SNKPHeng  |9 266232 
700 1 |a Koska, Lukáš  |4 pht  |9 409978 
700 1 |a Pitoňák, Martin  |4 pht  |9 317956 
852 |a Slovenská národná knižnica 
919 |a 978-80-973133-5-7 
954 |a iná literatúra (príručky, kuchárske knihy, hobby literatúra, sprievodcovia) pôvodná (slovenská)  |2 lita 
958 |a NB 
999 |c 746263  |d 748193 
952 |a SNK  |b SNK  |y PREZ  |7 0  |p 17A1545991  |o snkOSC 30336  |i snk2024/6110  |8 0  |0 0  |1 0  |4 0  |d 2024-04-18  |l 0  |r 2026-02-23 23:16:22  |w 2026-02-23